Представление документа в формате MARC21

ПолеНазваниеЗначение
  Тип записи a
  Библиографический уровень m
001 Контрольный номер BIBLIOCLUB\0000718308
005 Дата корректировки 20260430154902.8
006 m o d
007 Элементы данных для физической характеристики c|||||||||||||
008 Кодируемые данные s2024 rus o rus d
020 Индекс ISBN __
a ISBN 978-5-906371-83-0
041 Код языка издания 0_
a Код языка текста rus
084 Индекс другой классификации/Индекс ББК __
a Индекс другой классификации/Индекс ББК 28.57я73
b Номер единицы LBC/PL
2 Источник индекса rubbk
100 Автор 1_
a Автор Панкратова Е. М.
245 Заглавие 10
a Заглавие Практикум по физиологии растений с основами биологической химии
b Продолж. заглавия учебное пособие
c Ответственность Е. М. Панкратова
250 Сведения об издании __
a Основные сведения об издании 2-е изд., стер.
260 Выходные данные __
a Место издания Санкт-Петербург
b Издательство Квадро
c Дата издания 2024
300 Физическое описание __
a Объем 176 с.
b Иллюстрации/ тип воспроизводства ил., табл.
490 Серия 1_
a Заглавие серии Учебники и учебные пособия для студентов высших учебных заведений
653 Ключевые слова 1_
a Ключевые слова Учебник для высшей школы
830 Заголовок добавочной библ.записи на серию - унифицированное заглавие _0
a Унифицированное заглавие Учебники и учебные пособия для студентов высших учебных заведений
856 Электронный адрес документа 40
3 Область применения данных поля Университетская библиотека ONLINE
u URL https://biblioclub.ru/index.php?page=book&id=718308
900 Электронные ресурсы __
a Имя электронного ресурса https://img.biblioclub.ru/sm_cover/47b45087ecdcc7ade2cc644e58485e025ctx7uyzpw/cover.jpg